00707nam a2200241 a 4500001001300000003000900013005001700022008004100039020000800080082001900088100001300107245002800120260005700148300000900205500003500214505001700249650002900266700001300295902000800308942000700316952012700323999001500450nice12345678IN_TiNIC20260116011442.0050524s1969 mada grp 000 0 eng  ac000a500.80201bENO aEnoch, P aEvolution Or Creatioin. aMadrasbUnion of Evangelical Students of Indiac1969 a172p aincludes index and biblioraphy2 aBIBLIOGRAPHY aChristianity and Science1 aEnoch, P bSRS cBK 001040708StackRoom-aHMIbHMId2005-05-24g0.00l1o500.80201 ENOp03847r2017-10-04s2017-10-03v0.00w2005-05-24yBK c1666d1666